| 000 | 00506nam a2200169Ia 4500 | ||
|---|---|---|---|
| 003 | GCL | ||
| 008 | 140319s9999 xx 000 0 ara d | ||
| 040 |
_aGCL / _cGCL |
||
| 082 | 0 | 4 |
_a813.03 _bم هـ |
| 100 | 1 | _aمصطفى نصر | |
| 245 | 1 | 0 |
_aالهماميل (هدية من الاديب عبدالفتاح الجمل) / _cمصطفى نصر |
| 300 | _a136 ص | ||
| 490 |
_aروايات الهلال _v0 |
||
| 650 | 0 | 4 | _aالادب العربى |
| 650 | 0 | 4 | _aالقصص العربية |
| 942 |
_2ddc _cBK |
||
| 999 |
_c47003 _d47003 |
||